000 00411nam a2200145Ia 4500
008 211109s9999||||xx |||||||||||||| ||und||
082 _a230
_bCHI-C
100 _aThe Christian Brothers,
245 0 _aCatholic Youth`s Hymn Book Contaning
260 _bNATIONAL BOOKSTALL
_aKottayam
_c1995
300 _a239p.
630 _xGeneral Stack
650 _aChristianity & Christian theology
_xReligion
942 _cBOOK
999 _c9532
_d9532